00867nam a2200217Ia 4500001000700000003000500007008004100012010001100053040000900064100002700073245010800100260003300208300001100241502018100252650003000433650002900463650003300492700004300525700004400568700003700612Z_1706CHAP220113s1999 xx 000 0 und d a164798 cCHAP aOlea Herrera, Donají aAlgunos factores que afectan la eficiencia productiva de los ovinos en México /cDonaji Olea Herrera aMéxico :bEl autor,c1999 a108 h. aTesis (Ingeniero Agrónomo Especialista en Zootecnia) -- UACh, 1999 \ Dirección: Quito López tirado; asesoría: Hermilo Suárez Dominguez y Carlos G. Germán Alarcón aCarne de borrego en canal aGanado lanarxMéxico\  aGanado lanarxProducción\  a Germán Alarcón, Carlos G., asesor a Suárez Domínguez, Hermilo, asesor  aLópez Tirado, Quito, director